000 00365nam a22001097a 4500
082 _a891.433/CHO/S
100 _aसंतोष चाैबे
_983807
245 _aनौ बिन्‍दुओं का खेल
260 _aभोपाल
_bआईसेक्‍ट पब्लिकेशन
_c2025
650 _aकहानियां
942 _cHIN
999 _c68794
_d68794